[Event "4NCL/Div2c/KHE vs. OXF1"]
[Site "Staverton Park ENG"]
[Date "2009.05.04"]
[Round "11.4"]
[White "Eckersley-Waites, Tom"]
[Black "Okike, David C"]
[Result "1-0"]
[WhiteElo "2224"]
[BlackElo "2202"]
[PlyCount "89"]
[EventDate "2009.05.04"]
[SourceDate "2008.10.04"]

1. d4 Nf6 2. c4 e6 3. Nc3 Bb4 4. Qc2 c5 5. dxc5 Nc6 6. Nf3 h6 7. a3 Bxc5 8. b4
Be7 9. Bb2 b6 10. e3 Bb7 11. Be2 a5 12. b5 Nb8 13. O-O-O d6 14. Nd4 Qc7 15. f4
Ra7 16. Rhg1 h5 17. h3 Bf8 18. g4 hxg4 19. hxg4 e5 20. Nf5 g6 21. Ng3 Nbd7 22.
g5 Ng8 23. f5 Ne7 24. f6 Nc8 25. Nd5 Bxd5 26. Rxd5 Nc5 27. Bg4 Rh4 28. Ne4 Ne6
29. Kb1 Qb8 30. Nd2 Nc7 31. Rd3 Ne6 32. Rd5 Nc7 33. Rd3 Ne6 34. Nf3 Rh8 35.
Rdd1 Nc5 36. Rh1 Rg8 37. Rd5 Ne6 38. Qd3 Qc7 39. Nxe5 dxe5 40. Bxe5 Nd6 41.
Bxd6 Bxd6 42. Bxe6 fxe6 43. Rxd6 Qc8 44. Rd1 Kf7 45. Rd7+ 1-0

[Event "4NCL/Div2c/KHE vs. OXF1"]
[Site "Staverton Park ENG"]
[Date "2009.05.04"]
[Round "11.5"]
[White "Thomas, Richard H"]
[Black "Smallbone, Kieran"]
[Result "1-0"]
[WhiteElo "2202"]
[BlackElo "2235"]
[PlyCount "89"]
[EventDate "2009.05.04"]
[SourceDate "2008.10.04"]

1. Nf3 d5 2. d4 Nf6 3. Bf4 c5 4. e3 Nc6 5. c3 Qb6 6. Qb3 c4 7. Qxb6 axb6 8. h3
b5 9. Be2 h6 10. O-O Bf5 11. Na3 b4 12. Nb5 Ra5 13. a4 e6 14. Bc7 Ra6 15. Bh2
Kd7 16. Nd2 Ne4 17. Nxe4 Bxe4 18. Rfc1 b3 19. f3 Bg6 20. e4 Ra5 21. exd5 exd5
22. Nc7 Bc2 23. Nxd5 Rxd5 24. Bxc4 Rf5 25. Re1 Na5 26. Bb5+ Rxb5 27. axb5 b6
28. Rxa5 bxa5 29. Ra1 Bd6 30. Rxa5 Bxh2+ 31. Kxh2 Bd3 32. Ra3 Bc4 33. Ra4 Rc8
34. Rb4 f6 35. Kg3 Bg8 36. Kf2 Kd6 37. Ke3 Bc4 38. b6 Bg8 39. h4 Kc6 40. c4 Rb8
41. Kd2 Kb7 42. d5 Rc8 43. Kd3 Rd8 44. Kd4 Rd6 45. Kc5 1-0

[Event "4NCL/Div2c/KHE vs. OXF1"]
[Site "Staverton Park ENG"]
[Date "2009.05.04"]
[Round "11.6"]
[White "Shaw, David A"]
[Black "Ward, Julian T"]
[Result "1-0"]
[WhiteElo "2228"]
[BlackElo "2190"]
[PlyCount "79"]
[EventDate "2009.05.04"]
[SourceDate "2008.10.04"]

1. e4 c5 2. Nf3 e6 3. d4 cxd4 4. Nxd4 Nf6 5. Nc3 d6 6. Be3 a6 7. f3 Be7 8. Qd2
b5 9. O-O-O Qc7 10. g4 O-O 11. h4 Nc6 12. Nxc6 Qxc6 13. Ne2 Bb7 14. Nd4 Qc7 15.
g5 Nh5 16. Bh3 g6 17. Bg4 e5 18. Ne2 Ng7 19. h5 d5 20. hxg6 fxg6 21. exd5 Rad8
22. Nc3 b4 23. Qh2 h5 24. gxh6 Nf5 25. Bxf5 Rxf5 26. Qg3 Kh7 27. Rhg1 g5 28.
Qg4 Bc8 29. Ne4 Qa5 30. Bxg5 Rg8 31. Qh4 Qxa2 32. d6 Bd8 33. d7 Bb7 34. Bxd8
Rxg1 35. Rxg1 Qa1+ 36. Kd2 Qxg1 37. Bb6 Qg2+ 38. Nf2 Qxf3 39. d8=Q Bd5 40. Qg4
1-0

[Event "4NCL/Div2c/KHE vs. OXF1"]
[Site "Staverton Park ENG"]
[Date "2009.05.04"]
[Round "11.7"]
[White "Forbes, Cathy"]
[Black "Tidman, Sophie"]
[Result "0-1"]
[WhiteElo "2119"]
[BlackElo "2093"]
[PlyCount "68"]
[EventDate "2009.05.04"]
[SourceDate "2008.10.04"]

1. d4 e6 2. c3 Nf6 3. Bg5 Be7 4. Nd2 b6 5. e4 Bb7 6. Bd3 c5 7. Ngf3 d6 8. O-O
h6 9. Bh4 Nbd7 10. a4 a6 11. Qe2 O-O 12. h3 Nh5 13. Bxe7 Qxe7 14. g3 e5 15. d5
f5 16. Nh4 Nf4 17. Qf3 fxe4 18. Qxe4 Nf6 19. Ng6 Qe8 20. Qf5 Bc8 21. Nxf8 Bxf5
22. Bxf5 Qh5 23. Be6+ Nxe6 24. Nxe6 Nxd5 25. c4 Nb4 26. a5 Qxh3 27. Nc7 Rb8 28.
Ne4 Nc2 29. Ra2 Nd4 30. f3 bxa5 31. Nd5 Ne2+ 32. Kf2 Qh2+ 33. Ke3 Rb3+ 34. Nec3
Nxc3 0-1

[Event "4NCL/Div2c/KHE vs. OXF1"]
[Site "Staverton Park ENG"]
[Date "2009.05.04"]
[Round "11.8"]
[White "Dickinson, Timothy R"]
[Black "Stevenson, James A B"]
[Result "0-1"]
[WhiteElo "2160"]
[BlackElo "2092"]
[PlyCount "86"]
[EventDate "2009.05.04"]
[SourceDate "2008.10.04"]

1. e4 d6 2. d4 g6 3. f4 Bg7 4. Nf3 a6 5. Bd3 c5 6. d5 Nf6 7. c4 b5 8. Nc3 bxc4
9. Bxc4 O-O 10. O-O Nfd7 11. Kh1 Nb6 12. Bd3 Bg4 13. Qe1 e6 14. Ng5 h6 15. Qh4
hxg5 16. Qxg4 exd5 17. exd5 f5 18. Qxg5 Qxg5 19. fxg5 N8d7 20. Bf4 Ne5 21. Bc2
Nbd7 22. Ba4 Nb6 23. Bd1 Nbd7 24. Be2 Rfb8 25. Rab1 Rb6 26. b3 Rb4 27. a3 Rbb8
28. Na4 Nb6 29. Nb2 Nxd5 30. Bxe5 Ne3 31. Bxg7 Nxf1 32. Bf6 Nd2 33. Rd1 Ne4 34.
Bc4+ Kf8 35. Nd3 Ra7 36. Nf4 Nf2+ 37. Kg1 Nxd1 38. Nd5 Re8 39. h4 Ne3 40. Nxe3
Rxe3 41. Kf2 Re4 42. g3 Rxc4 43. bxc4 Rb7 0-1

[Event "4NCL/Div2c/WES1 vs. JUTK"]
[Site "Staverton Park ENG"]
[Date "2009.05.04"]
[Round "11.1"]
[White "Rutter, Nicholas"]
[Black "Williams, Simon K"]
[Result "1/2-1/2"]
[WhiteElo "2181"]
[BlackElo "2512"]
[PlyCount "38"]
[EventDate "2009.05.04"]
[SourceDate "2008.10.04"]

1. e4 c5 2. Nf3 d6 3. d4 cxd4 4. Nxd4 Nf6 5. Nc3 g6 6. Be3 a6 7. f3 b5 8. a4 b4
9. Na2 e5 10. Nb3 d5 11. Bg5 d4 12. Bd3 h6 13. Bd2 Nc6 14. O-O Nh5 15. Qe2 Be7
16. Bc4 Qb6 17. Kh1 a5 18. Nac1 Bg5 19. Nd3 Ba6 1/2-1/2

[Event "4NCL/Div2c/WES1 vs. JUTK"]
[Site "Staverton Park ENG"]
[Date "2009.05.04"]
[Round "11.2"]
[White "Mack, Andy"]
[Black "Simons, Martin J"]
[Result "1/2-1/2"]
[WhiteElo "2236"]
[BlackElo "2225"]
[PlyCount "52"]
[EventDate "2009.05.04"]
[SourceDate "2008.10.04"]

1. e4 Nc6 2. d4 d5 3. Nc3 dxe4 4. d5 Ne5 5. Bf4 Ng6 6. Bg3 f5 7. Nh3 e5 8. dxe6
Qxd1+ 9. Rxd1 c6 10. Bc4 Bb4 11. Bc7 Nf6 12. Ng5 Nd5 13. Bxd5 cxd5 14. Rxd5 h6
15. Nf7 O-O 16. Nd8 Be7 17. O-O Bxd8 18. Rxd8 Rxd8 19. Bxd8 Bxe6 20. Bc7 Rc8
21. Bd6 Rd8 22. Rd1 Kf7 23. a4 Rd7 24. a5 Ne7 25. Kf1 Nc6 26. b4 Bc4+ 1/2-1/2

[Event "4NCL/Div2c/WES1 vs. JUTK"]
[Site "Staverton Park ENG"]
[Date "2009.05.04"]
[Round "11.3"]
[White "Lock, Gavin R"]
[Black "Harakis, Alexis"]
[Result "0-1"]
[WhiteElo "2227"]
[BlackElo "2248"]
[PlyCount "148"]
[EventDate "2009.05.04"]
[SourceDate "2008.10.04"]

1. c4 e6 2. Nf3 d5 3. d4 c6 4. Bg5 Qa5+ 5. Nbd2 f6 6. Bf4 g5 7. Bg3 dxc4 8. e3
b5 9. h4 g4 10. Ne5 Nd7 11. Nxg4 Bb7 12. Nh2 Ne7 13. Be2 O-O-O 14. a4 Qb6 15.
Nhf3 Nf5 16. Bh2 a6 17. Qc2 Bb4 18. O-O Rhg8 19. b3 Bxd2 20. Qxd2 cxb3 21. e4
Nxd4 22. Nxd4 Ne5 23. axb5 Rxd4 24. Qc3 axb5 25. Qxb3 c5 26. Qxb5 Qxb5 27. Bxb5
Bxe4 28. Bg3 Rd2 29. Rfc1 Rxg3 30. fxg3 Bxg2 31. Rxc5+ Kd8 32. Rxe5 fxe5 33.
Re1 Bd5 34. Rxe5 Rg2+ 35. Kf1 Rxg3 36. Be2 Ke7 37. Kf2 Rg2+ 38. Ke3 Kf6 39. Rh5
Kg6 40. Re5 h6 41. Kf4 Rf2+ 42. Kg3 Rf8 43. Bg4 Kf6 44. Rh5 Rh8 45. Kf4 Rh7 46.
Be2 Rf7 47. Bg4 Kg6+ 48. Kg3 Rg7 49. Kf4 Ra7 50. Re5 Ra4+ 51. Kg3 Ra6 52. Kf4
Kf6 53. Rh5 Ra4+ 54. Kg3 Ra3+ 55. Kf2 Ra2+ 56. Ke3 Ra3+ 57. Kf2 Kg6 58. Re5 Ra6
59. Kg3 Rd6 60. Kf4 Rc6 61. Kg3 Bb3 62. Kf4 Kf6 63. Re3 Bd5 64. Ra3 Rc4+ 65.
Kg3 Rc2 66. Ra6 Ke5 67. Ra7 Rc3+ 68. Kf2 Kf4 69. Be2 Rh3 70. Ra4+ Be4 71. Bg4
Rh2+ 72. Ke1 Ke3 73. Ra3+ Bd3 74. Bf3 e5 0-1

[Event "4NCL/Div2c/WES1 vs. JUTK"]
[Site "Staverton Park ENG"]
[Date "2009.05.04"]
[Round "11.4"]
[White "Naylor, John"]
[Black "Jenks, Bruce"]
[Result "0-1"]
[WhiteElo "2186"]
[BlackElo "2141"]
[PlyCount "82"]
[EventDate "2009.05.04"]
[SourceDate "2008.10.04"]

1. e4 c5 2. Nf3 g6 3. d4 cxd4 4. c3 Bg7 5. cxd4 d5 6. e5 Bg4 7. Be2 e6 8. Nc3
Ne7 9. O-O Nbc6 10. Be3 Nf5 11. Qd2 O-O 12. h3 Bxf3 13. Bxf3 f6 14. exf6 Qxf6
15. Bg5 Qxd4 16. Qe2 Qe5 17. Qd2 h6 18. Bf4 Qd4 19. Bg4 h5 20. Bxf5 Rxf5 21.
Be3 Qxd2 22. Bxd2 Bd4 23. Be3 Bxe3 24. fxe3 Raf8 25. Rxf5 gxf5 26. Kf2 Kf7 27.
Rc1 Kf6 28. Ne2 Nb4 29. Nf4 e5 30. a3 exf4 31. axb4 fxe3+ 32. Kxe3 Re8+ 33. Kd4
Re4+ 34. Kxd5 Rxb4 35. Rc2 f4 36. Kc5 Rb6 37. Kd4 Kg5 38. Ke4 Rb4+ 39. Kf3 Rb3+
40. Kf2 h4 41. Rd2 a5 0-1

[Event "4NCL/Div2c/WES1 vs. JUTK"]
[Site "Staverton Park ENG"]
[Date "2009.05.04"]
[Round "11.5"]
[White "Kawuma, Steven"]
[Black "Cooley, Chris"]
[Result "1/2-1/2"]
[WhiteElo "2168"]
[BlackElo "2265"]
[PlyCount "85"]
[EventDate "2009.05.04"]
[SourceDate "2008.10.04"]

1. e4 e6 2. d4 b6 3. Be3 Bb7 4. f3 d5 5. e5 c5 6. c3 Nc6 7. Bd3 Rc8 8. a3 cxd4
9. cxd4 Na5 10. Ne2 Ne7 11. g4 Nc4 12. Bc1 Nc6 13. O-O Qh4 14. b3 h5 15. bxc4
hxg4 16. Bf4 Nxd4 17. Bg3 Nxe2+ 18. Bxe2 Bc5+ 19. Rf2 Bxf2+ 20. Kxf2 Qe7 21.
cxd5 Qc5+ 22. Kf1 Bxd5 23. Nd2 Qe3 24. Qa4+ Bc6 25. Qf4 Qxf4 26. Bxf4 gxf3 27.
Nxf3 O-O 28. Nd4 Be4 29. Nb5 Rc5 30. Ke1 a6 31. Nd6 Bc6 32. Bg3 f5 33. Bf4 b5
34. Rc1 Rxc1+ 35. Bxc1 Rb8 36. Bd1 a5 37. Bb3 Bd7 38. Nxf5 a4 39. Ba2 b4 40.
axb4 Rxb4 41. Ba3 Re4+ 42. Kd2 Rxe5 43. Ne3 1/2-1/2

[Event "4NCL/Div2c/WES1 vs. JUTK"]
[Site "Staverton Park ENG"]
[Date "2009.05.04"]
[Round "11.6"]
[White "Rice, Chris"]
[Black "de Coverly, Roger"]
[Result "0-1"]
[WhiteElo "2116"]
[BlackElo "2070"]
[PlyCount "102"]
[EventDate "2009.05.04"]
[SourceDate "2008.10.04"]

1. c4 b6 2. Nc3 e6 3. e4 c5 4. g3 Bb7 5. Bg2 a6 6. Nge2 Qc7 7. d3 d6 8. O-O Nf6
9. f4 Be7 10. h3 O-O 11. g4 Nfd7 12. f5 Nc6 13. g5 Rfe8 14. Ng3 Nce5 15. Bf4
Bc6 16. a4 Qb7 17. Qd2 Rab8 18. Rf2 b5 19. axb5 axb5 20. cxb5 Bxb5 21. Nxb5
Qxb5 22. Bf1 Qb6 23. Be3 Nc6 24. Kh2 Nd4 25. Ra3 Ne5 26. Bxd4 cxd4 27. f6 Bf8
28. fxg7 Bxg7 29. Nh5 Rec8 30. Qd1 Qc5 31. Nf6+ Bxf6 32. gxf6 Kh8 33. Qh5 Rg8
34. Ra1 Nxd3 35. Qxc5 Nxc5 36. Rd1 Nxe4 37. Re2 Ng3 38. Red2 Nxf1+ 39. Rxf1 e5
40. Rff2 Rg6 41. Rc2 e4 42. Rc4 e3 43. Re2 d3 44. Rxe3 Rxb2+ 45. Kh1 Rxf6 46.
Rc8+ Kg7 47. Rc1 d2 48. Rd1 Re6 49. Rg3+ Kh6 50. Rgg1 Re2 51. Rdf1 Rh2+ 0-1

[Event "4NCL/Div2c/WES1 vs. JUTK"]
[Site "Staverton Park ENG"]
[Date "2009.05.04"]
[Round "11.7"]
[White "Yeo, Michael J"]
[Black "Wilson, Alexandra"]
[Result "1-0"]
[WhiteElo "2147"]
[BlackElo "2040"]
[PlyCount "91"]
[EventDate "2009.05.04"]
[SourceDate "2008.10.04"]

1. e4 e6 2. d4 d5 3. Nd2 Nf6 4. e5 Nfd7 5. Bd3 c5 6. c3 Nc6 7. Ne2 cxd4 8. cxd4
f6 9. exf6 Nxf6 10. Nf3 Bd6 11. O-O Qc7 12. Bd2 O-O 13. Ng3 Bd7 14. Rc1 Rae8
15. Bc3 Qb8 16. Re1 b5 17. b3 b4 18. Bb2 Ne7 19. Rc2 Bxg3 20. hxg3 Nf5 21. Ne5
Bb5 22. g4 Nd6 23. f3 Bxd3 24. Qxd3 Nf7 25. Rc6 Nxe5 26. Rxe5 Nd7 27. Rexe6 Qg3
28. Qe3 Nf6 29. Qe5 Qh4 30. Rxe8 Rxe8 31. Rc8 Rxc8 32. Qe6+ Kf8 33. Qxc8+ Kf7
34. Qb7+ Ke8 35. Qxb4 h5 36. Ba3 Kf7 37. Qe7+ Kg6 38. gxh5+ Qxh5 39. Qe5 Qh4
40. Be7 a5 41. g4 Qh6 42. g5 Qh5 43. gxf6 Qxf3 44. fxg7 Qd1+ 45. Kg2 Qd2+ 46.
Kh3 1-0

[Event "4NCL/Div2c/WES1 vs. JUTK"]
[Site "Staverton Park ENG"]
[Date "2009.05.04"]
[Round "11.8"]
[White "Howell, Christopher"]
[Black "Daley, Eugene"]
[Result "1/2-1/2"]
[WhiteElo "2083"]
[BlackElo "1689"]
[PlyCount "36"]
[EventDate "2009.05.04"]
[SourceDate "2008.10.04"]

1. e4 c5 2. a3 g6 3. h4 Nc6 4. h5 Nf6 5. hxg6 fxg6 6. Nc3 e6 7. f4 Be7 8. Nf3
d5 9. e5 Nh5 10. d4 O-O 11. Ne2 Nxd4 12. Nfxd4 Bh4+ 13. g3 Nxg3 14. Rxh4 Qxh4
15. Nf3 Qg4 16. Nh2 Qh4 17. Nf3 Qg4 18. Nh2 Qh4 1/2-1/2

[Event "4NCL/Div2c/WWKS1 vs. PPA1"]
[Site "Staverton Park ENG"]
[Date "2009.05.04"]
[Round "11.1"]
[White "Mason, Don"]
[Black "Swanson, Stephen"]
[Result "0-1"]
[WhiteElo "2261"]
[BlackElo "2245"]
[PlyCount "80"]
[EventDate "2009.05.04"]
[SourceDate "2008.10.04"]

1. e4 g6 2. Nc3 Bg7 3. f4 c6 4. d4 d5 5. e5 h5 6. Be3 Nh6 7. Nf3 Bg4 8. Be2 e6
9. Qd2 Nd7 10. Bf2 Bf8 11. g3 Qa5 12. Ne4 Bb4 13. Nd6+ Kf8 14. c3 Bxd6 15. exd6
Bxf3 16. Bxf3 Nf5 17. h3 Nxd6 18. g4 hxg4 19. hxg4 Rxh1+ 20. Bxh1 Kg7 21. Bh4
Rh8 22. Qf2 Qa6 23. Kd2 Ne4+ 24. Bxe4 dxe4 25. Re1 Qd3+ 26. Kc1 Qf3 27. Qxf3
exf3 28. Be7 Nf6 29. g5 Ng4 30. Rf1 Rh3 31. Bd6 f5 32. a4 Ne3 33. Be5+ Kf7 34.
Rf2 Ng4 35. Rf1 b6 36. Bb8 a6 37. Bc7 b5 38. a5 Ke7 39. b3 Ne3 40. Rf2 Nd5 0-1

[Event "4NCL/Div2c/WWKS1 vs. PPA1"]
[Site "Staverton Park ENG"]
[Date "2009.05.04"]
[Round "11.2"]
[White "Posazhennikov, Alex"]
[Black "Hynes, Anthony"]
[Result "1/2-1/2"]
[WhiteElo "2249"]
[BlackElo "2242"]
[PlyCount "125"]
[EventDate "2009.05.04"]
[SourceDate "2008.10.04"]

1. e4 e5 2. Nf3 Nc6 3. Bb5 f5 4. d3 fxe4 5. dxe4 Nf6 6. Bg5 Bc5 7. Qd3 Qe7 8.
Nc3 Nb4 9. Qe2 c6 10. Bc4 b5 11. Bb3 a5 12. a4 bxa4 13. Nxa4 Ba7 14. O-O h6 15.
Nh4 Ba6 16. c4 hxg5 17. Ng6 Qe6 18. Nxh8 Ke7 19. Ng6+ Kf7 20. Nxe5+ Qxe5 21.
c5+ Kg6 22. Bc4 Bxc4 23. Qxc4 Rh8 24. g3 d5 25. exd5 cxd5 26. Qb5 Qe6 27. h4
gxh4 28. Ra3 Qh3 29. Qe2 Bb8 30. f4 hxg3 31. Qg2 Qxg2+ 32. Kxg2 Ne4 33. Rh1
Rxh1 34. Kxh1 Bxf4 35. Nb6 d4 36. Rxa5 d3 37. Nc4 d2 38. Nxd2 Nxd2 39. Ra4 Nd5
40. Rd4 Kg5 41. Rxd5+ Kg4 42. Rd3 Ne4 43. Kg2 Nxc5 44. Rc3 Ne6 45. Rc6 Kf5 46.
b4 Nd4 47. Rc4 Ke5 48. Rc5+ Kd6 49. Rc4 Be5 50. Rc3 Ne2 51. Rd3+ Kc6 52. Re3
Nf4+ 53. Kxg3 Bd6 54. Kg4 Nd5 55. Re2 Bxb4 56. Kf5 Bc3 57. Ra2 Ne7+ 58. Ke6 Nc8
59. Rc2 Kc7 60. Rxc3+ Kd8 61. Rg3 Kc7 62. Rc3+ Kd8 63. Rg3 1/2-1/2

[Event "4NCL/Div2c/WWKS1 vs. PPA1"]
[Site "Staverton Park ENG"]
[Date "2009.05.04"]
[Round "11.3"]
[White "Thomas, Nicholas"]
[Black "Dunn, Andrew"]
[Result "1/2-1/2"]
[WhiteElo "2315"]
[BlackElo "2204"]
[PlyCount "37"]
[EventDate "2009.05.04"]
[SourceDate "2008.10.04"]

1. e4 c6 2. d4 d5 3. Nd2 dxe4 4. Nxe4 Bf5 5. Ng3 Bg6 6. h4 h6 7. Nf3 Nd7 8. h5
Bh7 9. Bd3 Bxd3 10. Qxd3 e6 11. Bf4 Ngf6 12. O-O Be7 13. c4 O-O 14. Rfe1 Re8
15. Rad1 Qa5 16. Bd2 Qc7 17. Bc3 Rad8 18. Qe2 Bd6 19. Ne5 1/2-1/2

[Event "4NCL/Div2c/WWKS1 vs. PPA1"]
[Site "Staverton Park ENG"]
[Date "2009.05.04"]
[Round "11.4"]
[White "Byway, Paul"]
[Black "Shephard, Chris C W"]
[Result "1/2-1/2"]
[WhiteElo "2156"]
[BlackElo "2208"]
[PlyCount "56"]
[EventDate "2009.05.04"]
[SourceDate "2008.10.04"]

1. Nf3 f5 2. c4 Nf6 3. g3 d6 4. d4 e6 5. Bg2 Be7 6. O-O O-O 7. Nc3 Qe8 8. Re1
Qg6 9. e4 fxe4 10. Nxe4 Nxe4 11. Rxe4 Nc6 12. Qe2 Bf6 13. d5 exd5 14. cxd5 Bf5
15. Nh4 Bxh4 16. Rxh4 Rae8 17. Be3 Ne5 18. Rc1 Bg4 19. Qc2 h5 20. h3 Qxc2 21.
Rxc2 g5 22. Bxg5 Nf3+ 23. Bxf3 Re1+ 24. Kh2 Bxf3 25. Rc1 Rxc1 26. Bxc1 Rf5 27.
g4 Rxd5 28. Kg3 Bd1 1/2-1/2

[Event "4NCL/Div2c/WWKS1 vs. PPA1"]
[Site "Staverton Park ENG"]
[Date "2009.05.04"]
[Round "11.5"]
[White "Page, Mark"]
[Black "Richter, Hans"]
[Result "1/2-1/2"]
[WhiteElo "2140"]
[BlackElo "2148"]
[PlyCount "79"]
[EventDate "2009.05.04"]
[SourceDate "2008.10.04"]

1. e4 c5 2. Nc3 a6 3. g3 b5 4. Bg2 Bb7 5. d3 Nf6 6. f4 e6 7. Nf3 d5 8. e5 d4 9.
exf6 dxc3 10. O-O Qxf6 11. bxc3 Bd6 12. f5 O-O 13. fxe6 Qxe6 14. Ng5 Qd7 15.
Qh5 h6 16. Bxb7 Qxb7 17. Ne4 Be7 18. Bxh6 gxh6 19. Qxh6 f5 20. Qg6+ Kh8 21.
Qh6+ Kg8 22. Qg6+ Kh8 23. Rxf5 Rxf5 24. Qxf5 Nc6 25. Qh5+ Kg7 26. Ng5 Bxg5 27.
Qxg5+ Kh8 28. Qh6+ Kg8 29. Rf1 Ne5 30. Qe6+ Nf7 31. Qg6+ Kf8 32. Qh6+ Kg8 33.
Qg6+ Kf8 34. Qh7 Qd5 35. Qh8+ Ke7 36. Qf6+ Kf8 37. Qh8+ Ke7 38. Qf6+ Kf8 39.
Qh8+ Ke7 40. Qf6+ 1/2-1/2

[Event "4NCL/Div2c/WWKS1 vs. PPA1"]
[Site "Staverton Park ENG"]
[Date "2009.05.04"]
[Round "11.6"]
[White "Rosen, Daniel B"]
[Black "Baruch, Andrew J D"]
[Result "1-0"]
[WhiteElo "2142"]
[BlackElo "2082"]
[PlyCount "49"]
[EventDate "2009.05.04"]
[SourceDate "2008.10.04"]

1. f4 g6 2. Nf3 Bg7 3. e4 Nf6 4. Nc3 d6 5. d4 O-O 6. Be3 c6 7. Bd3 Nbd7 8. h3
Qa5 9. O-O e5 10. Ne2 d5 11. fxe5 dxe4 12. exf6 Nxf6 13. Bc4 exf3 14. Rxf3 Nd5
15. Bf2 Be6 16. Bb3 b5 17. c3 Qc7 18. Qd2 Qd7 19. Bh4 f5 20. Re1 Rae8 21. Nc1
Nf6 22. Bxf6 Bxf6 23. Rxe6 Rxe6 24. Qe2 Rfe8 25. Re3 1-0

[Event "4NCL/Div2c/WWKS1 vs. PPA1"]
[Site "Staverton Park ENG"]
[Date "2009.05.04"]
[Round "11.7"]
[White "Wildig, Robert"]
[Black "Goodger, Martyn"]
[Result "1-0"]
[WhiteElo "2075"]
[BlackElo "2156"]
[PlyCount "123"]
[EventDate "2009.05.04"]
[SourceDate "2008.10.04"]

1. d4 f5 2. g3 Nf6 3. Bg2 g6 4. Nc3 d5 5. Bg5 Be6 6. Qd2 Bg7 7. Bh6 O-O 8. Nh3
c6 9. Bxg7 Kxg7 10. Nf4 Bf7 11. f3 Qd6 12. O-O-O Nbd7 13. Kb1 e5 14. dxe5 Qxe5
15. e4 dxe4 16. fxe4 fxe4 17. Nxe4 Nxe4 18. Bxe4 Nf6 19. Bd3 Nd5 20. Rhe1 Qf6
21. Rf1 Nxf4 22. Rxf4 Qe5 23. Re1 Qd5 24. Qc3+ Kg8 25. b3 Qd7 26. Ref1 Bd5 27.
Rxf8+ Rxf8 28. Rxf8+ Kxf8 29. Qc5+ Qe7 30. Qxa7 c5 31. Qb8+ Kg7 32. Qf4 Qe1+
33. Kb2 Qe7 34. a4 b6 35. h4 Qe6 36. Qg5 Qf7 37. h5 Qf6+ 38. Qxf6+ Kxf6 39.
hxg6 hxg6 40. Kc3 Kg5 41. Be2 Kf5 42. Kd2 g5 43. Ke3 Ke5 44. Bg4 Be4 45. Bd1
Bd5 46. c3 Be6 47. Bc2 Bd5 48. b4 c4 49. Bd1 Bc6 50. a5 bxa5 51. bxa5 Bb7 52.
Bf3 Bc8 53. Bc6 Ba6 54. Kf3 Kd6 55. Ba8 Bc8 56. Ke4 Kc5 57. Ke5 Kb5 58. Bd5 Bh3
59. a6 Kxa6 60. Bxc4+ Kb6 61. Be6 g4 62. Kd6 1-0

[Event "4NCL/Div2c/WWKS1 vs. PPA1"]
[Site "Staverton Park ENG"]
[Date "2009.05.04"]
[Round "11.8"]
[White "Bentley, Emma"]
[Black "Clarke, Brandon"]
[Result "0-1"]
[WhiteElo "1740"]
[BlackElo "2001"]
[PlyCount "44"]
[EventDate "2009.05.04"]
[SourceDate "2008.10.04"]

1. e4 e6 2. Nc3 d5 3. exd5 exd5 4. d4 c6 5. Bd3 Bd6 6. Be3 Nf6 7. Nf3 Bg4 8.
Be2 Nbd7 9. Qd3 Qc7 10. h3 Bh5 11. Nh4 Bg6 12. Nxg6 hxg6 13. O-O-O O-O-O 14.
Kb1 Nb6 15. Ka1 Rde8 16. Nb1 Ne4 17. Nd2 f5 18. f3 Ng3 19. Rhe1 Nh5 20. Bg5 Bg3
21. Rf1 Bf4 22. Bh4 Re3 0-1

[Event "4NCL/Div2c/GUI3 vs. PANDG"]
[Site "Staverton Park ENG"]
[Date "2009.05.04"]
[Round "11.2"]
[White "Paehtz, Elizabeth"]
[Black "Thompson, Ian D"]
[Result "1-0"]
[WhiteElo "2459"]
[BlackElo "2250"]
[PlyCount "59"]
[EventDate "2009.05.04"]
[SourceDate "2008.10.04"]

1. e4 e6 2. d4 d5 3. Nc3 Bb4 4. e5 Ne7 5. a3 Bxc3+ 6. bxc3 c5 7. Nf3 Bd7 8. h4
Qa5 9. Bd2 Nbc6 10. h5 h6 11. Bd3 c4 12. Be2 O-O-O 13. a4 Rdf8 14. Qc1 f6 15.
Qa3 Rf7 16. Bf4 g5 17. exf6 Rxf6 18. Bh2 g4 19. Nd2 Rg8 20. O-O Nf5 21. Rab1 g3
22. fxg3 Qd8 23. g4 Ne3 24. Rxf6 Qxf6 25. Qd6 Qd8 26. Qf4 Nxc2 27. Nf3 e5 28.
Nxe5 Nxe5 29. Qxe5 Bc6 30. Qf5+ 1-0

[Event "4NCL/Div2c/GUI3 vs. PANDG"]
[Site "Staverton Park ENG"]
[Date "2009.05.04"]
[Round "11.3"]
[White "Cooksey, Paul S"]
[Black "Civin, Tomas"]
[Result "1/2-1/2"]
[WhiteElo "2292"]
[BlackElo "2427"]
[PlyCount "62"]
[EventDate "2009.05.04"]
[SourceDate "2008.10.04"]

1. d4 g6 2. e4 c6 3. c4 d5 4. e5 f6 5. exf6 Nxf6 6. Nc3 Bg7 7. Qb3 O-O 8. Nf3
Kh8 9. Bg5 Ne4 10. Be3 Qa5 11. cxd5 Nxc3 12. bxc3 cxd5 13. Be2 Nd7 14. Rc1 Nb6
15. Ne5 Be6 16. O-O Rac8 17. Bd3 Bxe5 18. dxe5 d4 19. Qxe6 dxe3 20. fxe3 Qc5
21. Qh3 Kg7 22. Be4 Qxe5 23. Bxb7 Rxc3 24. Rxc3 Qxc3 25. Rxf8 Kxf8 26. Qf3+ Kg7
27. Kf2 Nc4 28. Bd5 Ne5 29. Qe4 Qd2+ 30. Kg3 Qe1+ 31. Kh3 Qc3 1/2-1/2

[Event "4NCL/Div2c/GUI3 vs. PANDG"]
[Site "Staverton Park ENG"]
[Date "2009.05.04"]
[Round "11.4"]
[White "Ashton, Adam G"]
[Black "Richardson, Keith B"]
[Result "1/2-1/2"]
[WhiteElo "2307"]
[BlackElo "2188"]
[PlyCount "43"]
[EventDate "2009.05.04"]
[SourceDate "2008.10.04"]

1. e4 g6 2. d4 Bg7 3. Nc3 d6 4. Be3 a6 5. Qd2 b5 6. Bd3 Bb7 7. Nf3 Nd7 8. O-O
c5 9. dxc5 Nxc5 10. b4 Nxd3 11. cxd3 Nf6 12. Bh6 O-O 13. Bxg7 Kxg7 14. a4 bxa4
15. Nxa4 Rc8 16. Nd4 e5 17. Nb3 Bc6 18. Na5 Bb5 19. Nc3 Qb6 20. Nxb5 axb5 21.
Nb3 Rc7 22. Rfc1 1/2-1/2

[Event "4NCL/Div2c/GUI3 vs. PANDG"]
[Site "Staverton Park ENG"]
[Date "2009.05.04"]
[Round "11.5"]
[White "Granat, Russell G"]
[Black "Walton, Alan J"]
[Result "1/2-1/2"]
[WhiteElo "2252"]
[BlackElo "2161"]
[PlyCount "82"]
[EventDate "2009.05.04"]
[SourceDate "2008.10.04"]

1. e4 e6 2. d4 d5 3. Nc3 Nf6 4. e5 Nfd7 5. Nce2 c5 6. c3 Nc6 7. Nf3 cxd4 8.
cxd4 f6 9. Nf4 Bb4+ 10. Bd2 Qe7 11. Nd3 Bxd2+ 12. Qxd2 O-O 13. Be2 fxe5 14.
Ndxe5 Ndxe5 15. Nxe5 Nxe5 16. dxe5 Qc7 17. Qd4 Qa5+ 18. b4 Qb6 19. Qxb6 axb6
20. O-O Bd7 21. Rfc1 Rfc8 22. Rxc8+ Rxc8 23. f4 Rc2 24. Kf1 Rb2 25. a3 Bc6 26.
Rc1 Kf7 27. Rc3 Rb1+ 28. Kf2 Rb2 29. Ke1 h6 30. b5 Bxb5 31. Bh5+ g6 32. Rc7+
Kf8 33. Bxg6 Rxg2 34. Rf7+ Kg8 35. Rf6 d4 36. Bf7+ Kg7 37. Bxe6 d3 38. Rf7+ Kg6
39. Rf6+ Kg7 40. Rf7+ Kg6 41. Rf6+ Kg7 1/2-1/2

[Event "4NCL/Div2c/GUI3 vs. PANDG"]
[Site "Staverton Park ENG"]
[Date "2009.05.04"]
[Round "11.6"]
[White "Cumbers, Paul"]
[Black "Shepley, Julien M"]
[Result "1-0"]
[WhiteElo "2195"]
[BlackElo "2069"]
[PlyCount "71"]
[EventDate "2009.05.04"]
[SourceDate "2008.10.04"]

1. d4 Nf6 2. c4 e5 3. dxe5 Ng4 4. Bf4 Nc6 5. Nf3 Bb4+ 6. Nbd2 Qe7 7. e3 O-O 8.
Be2 Ngxe5 9. Nxe5 Nxe5 10. O-O Bxd2 11. Qxd2 d6 12. b4 b6 13. c5 Bb7 14. cxd6
cxd6 15. Rfd1 Rad8 16. a4 f5 17. a5 Qf6 18. axb6 axb6 19. Qd4 g5 20. Qxb6 Ba8
21. Bxe5 Qxe5 22. Qc7 Qf6 23. Ra7 Qg6 24. Bh5 Qh6 25. Bf7+ Kh8 26. Qc3+ Qg7 27.
Qxg7+ Kxg7 28. Bc4+ Kg6 29. b5 d5 30. Be2 g4 31. Rda1 Rh8 32. R1a6+ Kg5 33.
Rg7+ Kh5 34. h3 Rdg8 35. hxg4+ fxg4 36. Bxg4+ 1-0

[Event "4NCL/Div2c/GUI3 vs. PANDG"]
[Site "Staverton Park ENG"]
[Date "2009.05.04"]
[Round "11.7"]
[White "Hill, David F"]
[Black "Bentley, John L"]
[Result "0-1"]
[WhiteElo "2063"]
[BlackElo "2234"]
[PlyCount "58"]
[EventDate "2009.05.04"]
[SourceDate "2008.10.04"]

1. d4 Nf6 2. Nf3 g6 3. g3 Bg7 4. Bg2 O-O 5. O-O c6 6. c4 d6 7. Qc2 Bf5 8. Qb3
Qb6 9. Qxb6 axb6 10. Nc3 Ne4 11. Nd1 d5 12. cxd5 cxd5 13. Ne3 Be6 14. Nd2 f5
15. Rd1 Nc6 16. Nxe4 fxe4 17. Nc2 Rfc8 18. e3 Ne5 19. Ne1 Bg4 20. Rd2 Rxa2 21.
Rxa2 Rxc1 22. Ra8+ Kf7 23. Bxe4 Rxe1+ 24. Kg2 dxe4 25. dxe5 h5 26. b4 h4 27.
gxh4 Bf3+ 28. Kh3 Rg1 29. h5 g5 0-1